Nuevas técnicas de construcción con bambú / (Registro nro. 661)
[ vista simple ]
| 000 -CABECERA | |
|---|---|
| Campo de control | 00817nam a2200229 a 4500 |
| 005 - FECHA Y HORA DE LA ULTIMA TRANSACCION | |
| Campo de control | 20200104041513.0 |
| 008 - ELEMENTOS DE LONGITUD FIJA—INFORMACION GENERAL | |
| Campo de control | 140221t1978 ck ao fr|||| 000 0 spa d |
| 040 ## - FUENTE DE CATALOGACIÓN | |
| Agencia catalogadora original | CO-BoIAVH |
| Agencia transcriptora | CO-BoIAVH |
| 041 0# - IDIOMA | |
| Código de idioma para texto/pista de sonido o título separado | Español |
| 044 ## - PAÍS DE PUBLICACIÓN | |
| País de publicación | Colombia |
| 082 04 - NUMERO DE CLASIFICACION DECIMAL DEWEY | |
| Número de clasificación | 584.9 |
| Número del ítem | H63n |
| 100 1# - ASIENTO PRINCIPAL--NOMBRE PERSONAL | |
| Nombre personal | Hidalgo López, Oscar |
| 9 (RLIN) | 8452 |
| 245 10 - MENCION DE TITULO | |
| Título | Nuevas técnicas de construcción con bambú / |
| Mención de responsabilidad | Oscar Hidalgo López; Universidad Nacional de Colombia |
| 260 ## - PUBLICACION, DISTRIBUCION, ETC. (PIE DE IMPRENTA) | |
| Lugar de publicación, distribución, etc. | Bogotá : |
| Nombre del editor, distribuidor, etc. | Universidad Nacional de Colombia, |
| Fecha de publicación, distribución, etc. | 1978. |
| 300 ## - DESCRIPCION FISICA | |
| Extensión | 137 páginas : |
| Otros detalles físicos | Ilustraciones, fotografías ; |
| Dimensiones | 25 x 18 cm. |
| 504 ## - NOTA DE BIBLIOGRAFIA, ETC. | |
| Nota de bibliografía | Incluye referencias bibliográficas: páginas 136-137. |
| 650 16 - ASIENTO SECUNDARIO DE MATERIA - TERMINO TEMATICO | |
| Término temático o nombre geográfico como elemento de entrada | Bambúes |
| 9 (RLIN) | 8453 |
| 650 26 - ASIENTO SECUNDARIO DE MATERIA - TERMINO TEMATICO | |
| Término temático o nombre geográfico como elemento de entrada | Plantas útiles |
| 9 (RLIN) | 63213 |
| 650 26 - ASIENTO SECUNDARIO DE MATERIA - TERMINO TEMATICO | |
| Término temático o nombre geográfico como elemento de entrada | Plantas para construcción |
| 9 (RLIN) | 13054 |
| 710 2# - ASIENTO SECUNDARIO - NOMBRE CORPORATIVO | |
| Nombre corporativo o de jurisdicción como elemento de entrada | Universidad Nacional de Colombia. |
| 9 (RLIN) | 65 |
| 942 ## - ELEMENTOS ADICIONALES (KOHA) | |
| Tipo de ítem | Libro |
| Sistema de clasificación | Dewey Decimal Classification |
| Withdrawn status | Lost status | Sistema de Clasificación | Damaged status | No para préstamo | Colección | Inventariado | Ubicación Permanente | Ubicación actual | Fecha de adquisición | Fuente de Valor | Valor | Total Checkouts | Número topográfico | Inventario / Código de Barras | Date last seen | Ejemplar | Price effective from | Tipo de material |
|---|---|---|---|---|---|---|---|---|---|---|---|---|---|---|---|---|---|---|
| Dewey Decimal Classification | General | Inventariado 2017 | Bogotá | Bogotá | 07/01/1998 | Instituto | 50000.00 | LB-584.9 H63n | 000933 | 04/12/2012 | Ej. 1 | 04/12/2012 | Libro |